000 01861cam a22004694i 4500
003 PE-LiUPU
005 20250731173320.0
008 150625s r 000 0 d
020 _a0195168917
035 _a(Sirsi) i9780195168914
040 _aPE-LiUPU
_bspa
_cPE-LiUPU
_erda
049 _aPRUA
082 0 4 _a270.8/
_bJ39
_221
100 1 _aJenkins, Philip,
_d1952- ,
_eautor.
245 1 4 _aThe next christendom :
_bthe coming of global christianity /
_cPhilip Jenkins.
264 1 _aOxford ; New York :
_bOxford University Press,
_c2002.
300 _a270 páginas :
_bilustraciones, mapas ;
_c25 centímetros
336 _atext
_2rdacontent
337 _aunmediated
_2rdamedia
338 _avolume
_2rdacarrier
504 _aIncluye referencias bibliográficas e índice.
505 0 _aThe Christian Revolutión. -Disciples of All Nations. -Missionarioes and Prophets. -Standing Aloe. -The Rise of the New Chistianity. -Coming to Terms. -God and the World. -The Next Crusade. -Coming home. -Seeing Christianity Agan for the first time.
526 _aSEG42
526 _aSEG41
526 _aSEG40
526 _aSEG39
526 _aP94
526 _aP87
526 _aP86
526 _aP85
526 _aP77
526 _aP76
526 _aP35
650 0 4 _aAsociaciones de iglesias.
650 0 4 _aCristianismo
_xPredicciones.
942 _2ddc
_cBOOK
949 _a270.8/ J39
_wDEWEY
_c1
_i57462
_lCCODEBUL1
_mBUL
_p68.00
_r0
_sY
_tBOOK
_u2015-6-25
_xTEOLOGIA
_PP35
_0COMPRA
_o.STAFF. Colección General
994 _aC0
_bPEPRU
596 _a1
999 _a270.8/ J39
_wDEWEY
_c46501
_i57462
_d46501
_e2018-3-19
_f2021-11-11
_g6
_lCCODEBUL1
_mBUL
_n1
_p68.00
_q1
_r0
_sY
_tBOOK
_u2015-6-25
_xTEOLOGIA
_PP35
_0COMPRA
_o.STAFF. Colección General
980 _81
_gALBERTO SANCHEZ Responsable de Automatización